000 00992nam a2200301 i 4500
003 EG-GICUC
005 20260424212642.0
008 260424s1939 fr ||f |||| 00| 0 fre d
040 _aEG-GiCUC
_bfre
_cEG-GiCUC
_dEG-GiCUC
_eRda
041 0 _afre
082 0 4 _221
_a343.3914
_bCL . J
092 0 4 _221
099 _aLaw1 10 343.3914 CL. J 1939 1011238 C1
100 1 _aClec'h, Jules Le
_eAuteur
245 1 3 _aLe Juge Des Ordonnances :Jules Le Clec'h
_bTraité Alphabétique Et Pratique Avec Formules /
_cPar Jules Le Clec'h.
264 _aParia :
_bLibrairie Générale De Droit & De Jurisprudence,
_c1939.
300 _a362 page ;
_c 24 cm.
336 _2rda contenu
_a texte
337 _2rda medias
_aOrdinateur
338 _2 transporteur rda
_a Ressource en ligne
504 _a.
650 1 4 _aJuge criminel
650 1 4 _aProcédures pénales
651 1 _2qrmak
856 4 0 _uhttps://fll.law.cu.edu.eg/fulltext/bks/B10-11238.pdf
905 _a164
942 _2ddc
_cBK
_e21
_n0
999 _c73286
_d73286